|
|
|
|
| LEADER |
00000cam a2200000 a 4500 |
| 001 |
vtls001106380 |
| 003 |
SK-MaSNL |
| 005 |
20260301055336.0 |
| 008 |
240313s1977 xo da e 00000 slo |
| 015 |
|
|
|a SNBA1977
|
| 035 |
|
|
|a SNK000049222
|
| 040 |
|
|
|a SNK
|b slo
|c SNK
|e AACR2
|
| 041 |
0 |
|
|a slo
|
| 044 |
|
|
|a xo
|c SK
|
| 080 |
|
|
|a 681.325.2(075.8)(076.5)
|2 1981
|
| 080 |
|
|
|a 378
|2 1981
|
| 100 |
1 |
|
|a Šalamonová, Helena
|4 aut
|9 279535
|
| 245 |
1 |
0 |
|a Riadiace počítače 1
|b Modelovanie na číslicových počítačoch. Návody na cvičenia
|c Helena Šalamonová, Ľubica Šimová
|
| 250 |
|
|
|a 1. vyd.
|
| 260 |
|
|
|a Bratislava
|b Slovenská vysoká škola technická
|c 1977
|
| 300 |
|
|
|a 59 s., 3,461 AH
|b grafy, sch., tab.
|c 29 cm
|
| 366 |
|
|
|e 320 výt.
|
| 500 |
|
|
|a Schválil Rektorát SVŠT v Bratislave ako skriptum
|
| 504 |
|
|
|a Bibliogr.
|
| 650 |
0 |
7 |
|a riadiace počítače
|2 SNKPH
|9 368797
|
| 650 |
0 |
7 |
|a samočinné číslicové počítače
|2 SNKPH
|9 342710
|
| 650 |
0 |
7 |
|a modelovanie
|2 SNKPH
|9 15732
|
| 655 |
|
7 |
|a učebnice vysokých škôl
|2 SNKPH
|9 70191
|
| 655 |
|
7 |
|a praktické cvičenia
|2 SNKPH
|9 70517
|
| 700 |
1 |
|
|a Šimová, Ľubica,
|d 1947-
|4 aut
|9 215978
|
| 958 |
|
|
|a OND
|
| 958 |
|
|
|a NB
|
| 958 |
|
|
|a RM
|
| 958 |
|
|
|a UV
|
| 999 |
|
|
|c 613119
|d 615049
|
| 952 |
|
|
|a SNK
|b SNK
|y PREZ
|7 0
|p 17A0925885
|o snkSB 25433/1
|0 0
|1 0
|4 0
|d 2014-01-22
|f 1
|l 0
|r 2025-03-28 00:00:00
|w 2026-02-23
|